000 01073nam a22003257a 4500
003 CHAP
005 20220817042441.0
008 971013s1953 r 00010 d
010 _a45093
011 _a46065
035 _a50205
040 _cCHAP
082 _a338.972
_bU54
110 _aUniversidad Nacional Autónoma de México. Escuela Nacional de Economía
_9116515
245 _aNiveles de vida y desarrollo económico
260 _aMéxico, D.F. :
_bLa Universidad,
_c1953
300 _a306 p.
490 _aInvestigación económica
590 _aBATCH-UPD
_b10
_c20130110
_lUCH01
_h1026
590 _aBATCH-UPD
_b10
_c20130410
_lUCH01
_h0631
590 _aBATCH-UPD
_b10
_c20130914
_lUCH01
_h1053
590 _aCONVERSION
_b10
_c20130109
_lUCH01
_h1325
650 1 4 _aCostos y nivel de vida
_zMéxico.
_928549
650 1 4 _aDesarrollo económico.
650 1 4 _aMéxico
_xCondiciones económicas.
830 0 _aInvestigación económica
_960251
901 _aBK
942 _cLIBRO
949 _a338.972 U54
_bBC
_cLIBRO
_d33724000120127
_eLIBRO
_h36014
_i50205
_mD
_si
999 _c45093
_d45093